| 000 | 00659nam a2200229Ia 4500 | ||
|---|---|---|---|
| 003 | OSt | ||
| 005 | 20220918192454.0 | ||
| 006 | a|||||r|||| 00| 0 | ||
| 007 | ta | ||
| 008 | 220917b |||||||| |||| 00| 0 eng d | ||
| 024 | _a68,586 | ||
| 037 | _cTextual | ||
| 040 |
_aARTS _cARTS _beng |
||
| 041 |
_2eng _aeng |
||
| 082 | _aR3, G9 | ||
| 100 |
_aBowman Archibald Allan _979220 |
||
| 245 | 0 | _aSacramental universe, being a study in the metaphysics of experience , ed by J W Scott | |
| 260 | _c1939 | ||
| 490 | _aPrinceton University , Vanuxem lectures , 1934 | ||
| 942 |
_hR3, G9 _cTEXL _2CC |
||
| 999 |
_c194757 _d194757 |
||